The diary of Kastor, my BA, H Arper Collins Gurupgram, 2023, ix+299 pages, Rs. 399 (Record no. 525421)

000 -LEADER
fixed length control field 00417nam a22001337a 4500
008 - FIXED-LENGTH DATA ELEMENTS--GENERAL INFORMATION
fixed length control field 240301b ||||| |||| 00| 0 eng d
100 ## - MAIN ENTRY--PERSONAL NAME
Personal name Gandhi, Tushar
245 ## - TITLE STATEMENT
Title The diary of Kastor, my BA, H Arper Collins Gurupgram, 2023, ix+299 pages, Rs. 399
260 ## - PUBLICATION, DISTRIBUTION, ETC. (IMPRINT)
Place of publication, distribution, etc Social Scientist
300 ## - PHYSICAL DESCRIPTION
Extent 51(11-12), Nov-Dec, 2023: p.93-95
773 ## - HOST ITEM ENTRY
Main entry heading Social Scientist
906 ## - LOCAL DATA ELEMENT F, LDF (RLIN)
Subject DIP BOOK REVIEW
942 ## - ADDED ENTRY ELEMENTS (KOHA)
Item type Articles
Holdings
Withdrawn status Lost status Source of classification or shelving scheme Damaged status Not for loan Permanent location Current location Date acquired Serial Enumeration / chronology Barcode Date last seen Koha item type
          Indian Institute of Public Administration Indian Institute of Public Administration 2024-03-01 51(11-12), Nov-Dec, 2023: p.93-95 AR131218 2024-03-01 Articles

Powered by Koha